header

Eutropii Breviarium ab urbe condita (Record no. 210072)

MARC details
000 -LEADER
fixed length control field 01328nam a2200349 a 4500
100 0# - MAIN ENTRY--AUTHOR NAME
Personal name Eutropius,
245 10 - TITLE STATEMENT
Title Eutropii Breviarium ab urbe condita
260 ## - PUBLICATION, DISTRIBUTION, ETC. (IMPRINT)
Place of publication Leipzig :
Name of publisher B.G. Teubner,
Year of publication 1992.
300 ## - PHYSICAL DESCRIPTION
Number of Pages xix, 87 p.
700 1# - ADDED ENTRY--PERSONAL NAME
Personal name Santini, Carlo.
856 40 - ELECTRONIC LOCATION AND ACCESS
Uniform Resource Identifier http://site.ebrary.com/lib/rucke/Doc?id=10591326

No items available.

© 2026 Rongo University
Contact us: librarian | system librarian | Rongo university